[Event "Aimchess Rapid Div 3 L"]
[Site "Chess.com INT"]
[Date "2023.07.11"]
[Round "2.2"]
[White "Gabuzyan, Hovhannes"]
[Black "Gledura, Benjamin"]
[Result "1/2-1/2"]
[WhiteElo "2579"]
[BlackElo "2645"]
[PlyCount "75"]
[EventDate "2023.07.10"]
[EventType "k.o. (rapid)"]
[EventRounds "8"]
[EventCountry "USA"]
[SourceTitle "CBM 215 Extra"]
[Source "ChessBase"]
[SourceDate "2023.09.30"]
[SourceVersion "1"]
[SourceVersionDate "2023.09.30"]
[SourceQuality "1"]

1. g3 d5 2. Bg2 g6 3. Nf3 Bg7 4. d4 Nf6 5. c4 c6 6. cxd5 cxd5 7. Nc3 0-0 8. 0-0 Ne4 9. Nd2 Nxd2 10. Bxd2 Be6 11. e3 Nc6 12. Rc1 Qd7 13. Re1 Rac8 14. Qa4 Rfd8 15. b4 b6 16. a3 h5 17. h4 Bf6 18. Kh2 Kg7 19. Ne2 Bf5 20. b5 Nb8 21. Qb3 e6 22. Nf4 Rxc1 23. Rxc1 Rc8 24. a4 Rxc1 25. Bxc1 Qc8 26. Ba3 Nd7 27. Qb4 Qc2 28. Qd6 Qxf2 29. Qxd7 Bxh4 30. gxh4 Qxh4+ 31. Nh3 Bxh3 32. Qe7 g5 33. Qf8+ Kg6 34. Qg8+ Kf6 35. Qh8+ Kg6 36. Qg8+ Kf6 37. Qh8+ Kg6 38. Qg8+ 1/2-1/2

[Event "Aimchess Rapid Div 3 L"]
[Site "Chess.com INT"]
[Date "2023.07.11"]
[Round "2.1"]
[White "Gledura, Benjamin"]
[Black "Gabuzyan, Hovhannes"]
[Result "1/2-1/2"]
[WhiteElo "2645"]
[BlackElo "2579"]
[PlyCount "95"]
[EventDate "2023.07.10"]
[EventType "k.o. (rapid)"]
[EventRounds "8"]
[EventCountry "USA"]
[SourceTitle "CBM 215 Extra"]
[Source "ChessBase"]
[SourceDate "2023.09.30"]
[SourceVersion "1"]
[SourceVersionDate "2023.09.30"]
[SourceQuality "1"]

1. d4 Nf6 2. Nf3 g6 3. Nbd2 Bg7 4. e4 d5 5. e5 Ne4 6. Nxe4 dxe4 7. Ng5 c5 8. c3 cxd4 9. cxd4 Nc6 10. Be3 Qa5+ 11. Qd2 Qxd2+ 12. Kxd2 0-0 13. Bb5 Rd8 14. Bxc6 bxc6 15. Nxe4 Bxe5 16. Kc3 Bg7 17. f4 Rd5 18. b4 Bf5 19. Nc5 Rad8 20. Rhd1 a5 21. a3 g5 22. g3 gxf4 23. gxf4 Bg6 24. Rd2 Rh5 25. Rg1 axb4+ 26. axb4 Ra8 27. Kb2 f6 28. Rg3 Kf7 29. Rdg2 Rd5 30. Kb3 Ra1 31. Kc3 e5 32. Nb3 exd4+ 33. Bxd4 Rb1 34. Rg1 Rxg1 35. Bxg1 Bh6 36. Be3 Rh5 37. Nd4 c5 38. bxc5 Rxc5+ 39. Kd2 Rc4 40. Rg4 Bf8 41. Rh4 Bb4+ 42. Ke2 Kg8 43. f5 Bf7 44. Bh6 Kh8 45. Kd3 Bc5 46. Rg4 Rxd4+ 47. Rxd4 Bxd4 48. Kxd4 1/2-1/2

[Event "Aimchess Play In op"]
[Site "Chess.com INT"]
[Date "2023.06.12"]
[Round "8"]
[White "Dubov, Daniil"]
[Black "Gabuzyan, Hovhannes"]
[Result "0-1"]
[WhiteElo "2716"]
[BlackElo "2579"]
[PlyCount "42"]
[EventDate "2023.06.12"]
[EventType "swiss (rapid)"]
[EventRounds "9"]
[EventCountry "USA"]
[SourceTitle "CBM 214 Extra"]
[Source "ChessBase"]
[SourceDate "2023.07.31"]
[SourceVersion "1"]
[SourceVersionDate "2023.07.31"]
[SourceQuality "1"]

1. d4 Nf6 2. c4 c5 3. d5 b5 4. Nf3 b4 5. h4 g6 6. h5 Nxh5 7. e4 d6 8. a3 Bg7 9. axb4 cxb4 10. Be3 Bxb2 11. Ra2 Bf6 12. Nbd2 Bg4 13. c5 dxc5 14. Qa4+ Bd7 15. Bb5 0-0 16. e5 Bg7 17. Bxd7 Nxd7 18. g4 Nxe5 19. Nxe5 Qxd5 20. gxh5 Qxh1+ 21. Ke2 Bxe5 0-1

[Event "Aimchess Play In op"]
[Site "Chess.com INT"]
[Date "2023.06.12"]
[Round "4"]
[White "Gabuzyan, Hovhannes"]
[Black "Kramnik, Vladimir"]
[Result "0-1"]
[WhiteElo "2579"]
[BlackElo "2753"]
[PlyCount "32"]
[EventDate "2023.06.12"]
[EventType "swiss (rapid)"]
[EventRounds "9"]
[EventCountry "USA"]
[SourceTitle "CBM 214 Extra"]
[Source "ChessBase"]
[SourceDate "2023.07.31"]
[SourceVersion "1"]
[SourceVersionDate "2023.07.31"]
[SourceQuality "1"]

1. b3 e5 2. Bb2 Nc6 3. e3 Nf6 4. h3 d5 5. Bb5 Bd6 6. Ne2 0-0 7. Bxc6 bxc6 8. d3 Re8 9. Ng3 a5 10. e4 a4 11. 0-0 dxe4 12. dxe4 Nd7 13. Ba3 axb3 14. axb3 Nf8 15. Qc1 Ng6 16. Nd2 Rxa3 0-1

[Event "Aimchess Play In op"]
[Site "Chess.com INT"]
[Date "2023.06.12"]
[Round "9"]
[White "Kovalenko, Igor"]
[Black "Gabuzyan, Hovhannes"]
[Result "0-1"]
[WhiteElo "2674"]
[BlackElo "2579"]
[PlyCount "94"]
[EventDate "2023.06.12"]
[EventType "swiss (rapid)"]
[EventRounds "9"]
[EventCountry "USA"]
[SourceTitle "CBM 214 Extra"]
[Source "ChessBase"]
[SourceDate "2023.07.31"]
[SourceVersion "1"]
[SourceVersionDate "2023.07.31"]
[SourceQuality "1"]

1. d4 Nf6 2. Bg5 d5 3. e3 c6 4. Nd2 Bf5 5. Ngf3 e6 6. c4 Nbd7 7. Qb3 Qb6 8. Be2 Be7 9. 0-0 0-0 10. Rfc1 h6 11. Bh4 Rfc8 12. h3 Bf8 13. c5 Qxb3 14. axb3 a5 15. g4 Bh7 16. Rc3 e5 17. dxe5 Ne4 18. Nxe4 Bxe4 19. Nd2 Bh7 20. Rac1 Nxe5 21. f4 Nd7 22. f5 Re8 23. Kf2 g6 24. Bd3 Bg7 25. fxg6 fxg6 26. g5 Bxc3 27. Rxc3 Ne5 28. Bc2 hxg5 29. Bxg5 Re6 30. h4 Rf8+ 31. Kg3 Nf7 32. Bf4 Ne5 33. Bg5 Kg7 34. Bd1 Bg8 35. Bf4 Ree8 36. Be2 Nd7 37. Nf3 Nf6 38. Ng5 d4 39. Rd3 dxe3 40. Bxe3 Bd5 41. Bd1 Nh5+ 42. Bxh5 gxh5 43. Rc3 Kg6 44. Kh2 Rf1 45. Nh3 Kf5 46. Bg5 Re2+ 47. Kg3 Rg2# 0-1

[Event "Aimchess Play In op"]
[Site "Chess.com INT"]
[Date "2023.06.12"]
[Round "5"]
[White "Vetoshko, Volodymyr"]
[Black "Gabuzyan, Hovhannes"]
[Result "0-1"]
[WhiteElo "2502"]
[BlackElo "2579"]
[PlyCount "102"]
[EventDate "2023.06.12"]
[EventType "swiss (rapid)"]
[EventRounds "9"]
[EventCountry "USA"]
[SourceTitle "CBM 214 Extra"]
[Source "ChessBase"]
[SourceDate "2023.07.31"]
[SourceVersion "1"]
[SourceVersionDate "2023.07.31"]
[SourceQuality "1"]

1. d4 Nf6 2. c4 c5 3. d5 b5 4. Qc2 b4 5. e4 d6 6. a3 g6 7. Bd3 Bg7 8. Nf3 0-0 9. 0-0 bxa3 10. Rxa3 Na6 11. Nc3 Nb4 12. Qe2 Bg4 13. Bb1 Nd7 14. h3 Bxf3 15. Qxf3 e6 16. Bf4 Ne5 17. Qe2 exd5 18. cxd5 Re8 19. Bh2 c4 20. Kh1 Ned3 21. Bxd3 cxd3 22. Qd2 Qb6 23. Na4 Qb8 24. Nc5 a5 25. Nxd3 Rxe4 26. Rfa1 Rd4 27. Qe2 Rxd5 28. Nxb4 Qxb4 29. Qf3 Qb5 30. Bxd6 Bxb2 31. Rb3 Qc6 32. Rxb2 Qxd6 33. Rb5 Rxb5 34. Qxa8+ Kg7 35. Qe4 Qd2 36. Kg1 Rf5 37. Qe3 Qxe3 38. fxe3 Kf6 39. Rb1 Re5 40. Ra1 Rb5 41. Kf2 Ke5 42. Kf3 Kd5 43. Ra4 Rc5 44. g3 Kc6 45. h4 Kb5 46. Rd4 a4 47. Rd8 a3 48. Ra8 Kb4 49. Rb8+ Rb5 50. Ra8 Ra5 51. Rb8+ Ka4 0-1

[Event "Titled Tuesday intern op 06th Dec Early"]
[Site "Chess.com INT"]
[Date "2022.12.06"]
[Round "2"]
[White "Demin, Vladimir"]
[Black "Gabuzyan, Hovhannes"]
[Result "0-1"]
[WhiteElo "2430"]
[BlackElo "2586"]
[PlyCount "104"]
[EventDate "2022.12.06"]
[EventType "swiss (blitz)"]
[EventRounds "11"]
[EventCountry "USA"]
[SourceTitle "CBM 211 Extra"]
[Source "ChessBase"]
[SourceDate "2023.01.31"]
[SourceVersion "1"]
[SourceVersionDate "2023.01.31"]
[SourceQuality "1"]

1. e4 c5 2. Nf3 Nc6 3. c3 Nf6 4. e5 Nd5 5. d4 cxd4 6. cxd4 d6 7. Bc4 Nb6 8. Bb5 dxe5 9. Nxe5 Bd7 10. Nc3 e6 11. 0-0 Nxe5 12. dxe5 Bxb5 13. Nxb5 Nd5 14. Nc3 Nxc3 15. bxc3 Qxd1 16. Rxd1 Rc8 17. Be3 Bc5 18. Rab1 Bxe3 19. fxe3 b6 20. Rd3 Ke7 21. Rb4 Rc7 22. Kf2 Rhc8 23. Rg4 g6 24. Ra4 a5 25. Ra3 Rc5 26. Rd6 Rxc3 27. Rxc3 Rxc3 28. Rxb6 Rc2+ 29. Kf3 Rxa2 30. Rb7+ Kf8 31. Ra7 Kg7 32. h4 g5 33. hxg5 Kg6 34. Kg4 Ra4+ 35. Kf3 Ra1 36. Kg4 a4 37. g3 a3 38. Ra6 a2 39. Ra7 Re1 40. Rxa2 Rxe3 41. Kf4 Re1 42. Rf2 Ra1 43. Kg4 Ra4+ 44. Rf4 Ra1 45. Rf6+ Kg7 46. Kf4 Rf1+ 47. Kg4 Rxf6 48. gxf6+ Kg6 49. Kf4 h5 50. Kf3 Kf5 51. Kg2 Kxe5 52. Kh3 Kxf6 0-1

[Event "Titled Tuesday intern op 06th Dec Early"]
[Site "Chess.com INT"]
[Date "2022.12.06"]
[Round "10"]
[White "Gormally, Daniel"]
[Black "Gabuzyan, Hovhannes"]
[Result "0-1"]
[WhiteElo "2450"]
[BlackElo "2586"]
[PlyCount "70"]
[EventDate "2022.12.06"]
[EventType "swiss (blitz)"]
[EventRounds "11"]
[EventCountry "USA"]
[SourceTitle "CBM 211 Extra"]
[Source "ChessBase"]
[SourceDate "2023.01.31"]
[SourceVersion "1"]
[SourceVersionDate "2023.01.31"]
[SourceQuality "1"]

1. e4 c5 2. Nc3 Nc6 3. Bb5 Nd4 4. Bc4 a6 5. Nge2 b5 6. Bd5 Rb8 7. Nxd4 cxd4 8. Ne2 e6 9. Bb3 a5 10. a4 Bc5 11. axb5 Rxb5 12. d3 Bb6 13. 0-0 Ne7 14. Ng3 0-0 15. Kh1 Bb7 16. Bd2 f5 17. f4 h6 18. Qe2 Kh8 19. Ba4 Rc5 20. b4 axb4 21. Bxb4 fxe4 22. Bxc5 exd3 23. Qe5 Bxc5 24. Qxc5 Ng6 25. Qxd4 Nh4 26. Rf2 e5 27. Qxe5 Re8 28. Qd4 Qa5 29. h3 Nxg2 30. Kh2 Nh4 31. Bxd7 Qd8 32. Nh5 Re7 33. Nxg7 Rxg7 34. Rg1 Qxd7 35. Qxd7 Rxd7 0-1

[Event "ARM-ch 1st League 83rd"]
[Site "Yerevan"]
[Date "2022.01.21"]
[Round "9"]
[White "Gabuzyan, Hovhannes"]
[Black "Sargsyan, Shant"]
[Result "1/2-1/2"]
[WhiteElo "2589"]
[BlackElo "2628"]
[PlyCount "226"]
[EventDate "2022.01.12"]
[EventType "tourn"]
[EventRounds "11"]
[EventCountry "ARM"]
[EventCategory "13"]
[SourceTitle "CBM 206 Extra"]
[Source "ChessBase"]
[SourceDate "2022.03.31"]
[SourceVersion "1"]
[SourceVersionDate "2022.03.31"]
[SourceQuality "1"]

1. Nf3 c5 2. e4 e6 3. d3 Nc6 4. g3 Nf6 5. Bg2 d5 6. Nbd2 Bd6 7. 0-0 0-0 8. Re1 Bc7 9. c3 h6 10. Nb3 dxe4 11. dxe4 Qxd1 12. Rxd1 b6 13. Ne1 a5 14. a4 Ba6 15. f3 Bc4 16. Ra3 Bxb3 17. Rxb3 Rfd8 18. Rxd8+ Rxd8 19. Bf4 e5 20. Be3 Rd1 21. Kf2 c4 22. Ra3 Bd6 23. Ra2 Bc5 24. Bxc5 bxc5 25. Bf1 Rd2+ 26. Ke3 Rxh2 27. Bg2 h5 28. Ra1 Kf8 29. Kf2 h4 30. gxh4 Rxh4 31. Bf1 Nh5 32. Ng2 Rh1 33. Rd1 Nf4 34. Nxf4 exf4 35. Rd5 Rh2+ 36. Kg1 Rxb2 37. Rxc5 Ne7 38. Bxc4 Ng6 39. e5 Rb1+ 40. Kg2 Nh4+ 41. Kf2 Rb2+ 42. Be2 g5 43. Kf1 g4 44. Rb5 Rd2 45. Ke1 Ra2 46. fxg4 f3 47. Rb8+ Kg7 48. Bd3 Ng2+ 49. Kd1 f2 50. Rb7 Ne3+ 51. Kc1 Rc2+ 52. Kb1 Rxc3 53. e6 Rxd3 54. Rxf7+ Kg6 55. Rxf2 Rd6 56. e7 Re6 57. Rb2 Nd5 58. Rc2 Nxe7 59. Rc5 Nc6 60. Kb2 Kf6 61. Kc3 Ke7 62. Kc4 Kd7 63. Kb5 Nd4+ 64. Kc4 Nc6 65. Kb5 Re1 66. Kb6 Rb1+ 67. Rb5 Rb4 68. g5 Kd6 69. g6 Rxa4 70. g7 Rg4 71. Rc5 Ne7 72. Rc1 a4 73. Kb5 a3 74. Ra1 Nc6 75. g8Q Rxg8 76. Rxa3 Kd5 77. Rh3 Nd4+ 78. Kb6 Rg6+ 79. Ka5 Kc4 80. Rh4 Re6 81. Rg4 Rh6 82. Re4 Rh1 83. Rg4 Rh2 84. Kb6 Rf2 85. Rh4 Kd5 86. Rh5+ Nf5 87. Rh1 Rb2+ 88. Kc7 Rd2 89. Rh5 Rc2+ 90. Kb6 Ke6 91. Rh1 Rc3 92. Rh5 Nd4 93. Rh6+ Kd5 94. Rh5+ Kd6 95. Rh6+ Ne6 96. Kb5 Rc1 97. Kb4 Ke5 98. Rh5+ Ke4 99. Rh4+ Nf4 100. Kb5 Ke5 101. Rh8 Ne6 102. Rh5+ Kd6 103. Kb4 Nc5 104. Rh6+ Kd5 105. Rh5+ Kd4 106. Rh4+ Ne4 107. Kb5 Rc5+ 108. Kb6 Re5 109. Kc6 Kc4 110. Rf4 Re6+ 111. Kd7 Kd5 112. Rf5+ Re5 113. Rxe5+ Kxe5 1/2-1/2

[Event "ARM-ch 1st League 83rd"]
[Site "Yerevan"]
[Date "2022.01.13"]
[Round "2"]
[White "Gabuzyan, Hovhannes"]
[Black "Harutyunian, Tigran K"]
[Result "1/2-1/2"]
[WhiteElo "2589"]
[BlackElo "2552"]
[PlyCount "52"]
[EventDate "2022.01.12"]
[EventType "tourn"]
[EventRounds "11"]
[EventCountry "ARM"]
[EventCategory "13"]
[SourceTitle "CBM 206 Extra"]
[Source "ChessBase"]
[SourceDate "2022.03.31"]
[SourceVersion "1"]
[SourceVersionDate "2022.03.31"]
[SourceQuality "1"]

1. e4 e5 2. Nf3 Nc6 3. d4 exd4 4. Nxd4 Nf6 5. Nxc6 bxc6 6. Bd3 d5 7. Nc3 Bb4 8. Bd2 0-0 9. 0-0 Bxc3 10. Bxc3 dxe4 11. Bc4 Bf5 12. Qd4 Qxd4 13. Bxd4 Nd5 14. Rad1 a5 15. Rd2 a4 16. a3 Rfe8 17. h3 Nb6 18. Be2 Be6 19. Re1 Rad8 20. Bc3 Nd5 21. Be5 Ra8 22. c4 Nb6 23. Bxc7 Nxc4 24. Rc2 Na5 25. Bxa5 Rxa5 26. Rxc6 Rb8 1/2-1/2

[Event "Wch Blitz"]
[Site "Warsaw"]
[Date "2021.12.29"]
[Round "4"]
[White "Gabuzyan, Hovhannes"]
[Black "Mitrabha, Guha"]
[Result "1/2-1/2"]
[WhiteElo "2589"]
[BlackElo "2509"]
[PlyCount "98"]
[EventDate "2021.12.29"]
[EventType "swiss (blitz)"]
[EventRounds "21"]
[EventCountry "POL"]
[SourceTitle "CBM 205 Extra"]
[Source "ChessBase"]
[SourceDate "2022.01.31"]
[SourceVersion "1"]
[SourceVersionDate "2022.01.31"]
[SourceQuality "1"]

1. Nf3 Nf6 2. g3 b6 3. Bg2 Bb7 4. 0-0 g6 5. c4 c5 6. d3 Bg7 7. e4 0-0 8. Nc3 Nc6 9. h3 d6 10. Be3 Rc8 11. Rc1 Nd7 12. b3 Nd4 13. Bxd4 cxd4 14. Nb5 a6 15. Nbxd4 e5 16. Ne2 f5 17. exf5 gxf5 18. Nh4 Bxg2 19. Kxg2 Nc5 20. d4 exd4 21. Nxd4 Qg5 22. Ndf3 Qf6 23. Qd5+ Kh8 24. Rce1 b5 25. Re2 bxc4 26. bxc4 Ne4 27. Re3 Rc5 28. Qb7 Rxc4 29. Qxa6 Rc2 30. Re2 Rc7 31. Rfe1 Re7 32. a4 Rfe8 33. Qc6 Rf8 34. a5 Qc3 35. Qxc3 Bxc3 36. Nxf5 Ref7 37. Rxe4 Bxe1 38. g4 Bxa5 39. Ng5 Rd7 40. Ra4 Bd8 41. Ra8 Be7 42. Nf7+ Kg8 43. N7h6+ Kh8 44. Nf7+ Kg8 45. N7h6+ Kh8 46. Nf7+ Kg8 47. N7h6+ Kh8 48. Nf7+ Kg8 49. N7h6+ Kh8 1/2-1/2

[Event "Wch Blitz"]
[Site "Warsaw"]
[Date "2021.12.29"]
[Round "11"]
[White "Theodorou, Nikolas"]
[Black "Gabuzyan, Hovhannes"]
[Result "1-0"]
[WhiteElo "2577"]
[BlackElo "2589"]
[PlyCount "77"]
[EventDate "2021.12.29"]
[EventType "swiss (blitz)"]
[EventRounds "21"]
[EventCountry "POL"]
[SourceTitle "CBM 205 Extra"]
[Source "ChessBase"]
[SourceDate "2022.01.31"]
[SourceVersion "1"]
[SourceVersionDate "2022.01.31"]
[SourceQuality "1"]

1. e4 c5 2. d4 cxd4 3. c3 Nf6 4. e5 Nd5 5. Bc4 Nb6 6. Bb3 d5 7. exd6 Qxd6 8. Nf3 Nc6 9. Ng5 e6 10. 0-0 Be7 11. Qh5 Bxg5 12. Bxg5 0-0 13. Nd2 e5 14. Ne4 Qg6 15. Qxg6 hxg6 16. f4 dxc3 17. bxc3 exf4 18. Rxf4 Na5 19. Rh4 Nd7 20. Bd5 Re8 21. Bxf7+ Kxf7 22. Nd6+ Kg8 23. Nxe8 Nf8 24. Nc7 Rb8 25. Nd5 Bf5 26. Rf1 Nc6 27. Ne7+ Nxe7 28. Bxe7 Ne6 29. Re1 Kf7 30. Bd6 Rd8 31. Be5 Rd2 32. Ra4 a6 33. Rb4 b5 34. a4 Nc5 35. axb5 Nd3 36. Rd4 axb5 37. Rf1 Ke6 38. Bxg7 Rc2 39. Rxf5 1-0

[Event "Wch Rapid"]
[Site "Warsaw"]
[Date "2021.12.28"]
[Round "12"]
[White "Gabuzyan, Hovhannes"]
[Black "Kosakowski, Jakub"]
[Result "0-1"]
[WhiteElo "2589"]
[BlackElo "2437"]
[PlyCount "72"]
[EventDate "2021.12.26"]
[EventType "swiss (rapid)"]
[EventRounds "13"]
[EventCountry "POL"]
[SourceTitle "CBM 205 Extra"]
[Source "ChessBase"]
[SourceDate "2022.01.31"]
[SourceVersion "1"]
[SourceVersionDate "2022.01.31"]
[SourceQuality "1"]

1. e4 c5 2. Nf3 d6 3. d4 cxd4 4. Nxd4 Nf6 5. Nc3 a6 6. Bg5 e6 7. f4 h6 8. Bh4 Qb6 9. Qd2 Qxb2 10. Rb1 Qa3 11. e5 dxe5 12. fxe5 Nfd7 13. Ne4 Qxa2 14. Rd1 Qd5 15. Qe3 Qxe5 16. Be2 Bc5 17. Bg3 Qd5 18. c4 Bxd4 19. Rxd4 Qa5+ 20. Rd2 0-0 21. 0-0 f5 22. Bd6 fxe4 23. Bxf8 Nxf8 24. Bg4 Nbd7 25. Rdf2 Qg5 26. Qg3 h5 27. Qd6 Nf6 28. Bxh5 Bd7 29. g4 e3 30. Rg2 Bc6 31. h4 Qxh4 32. Rh2 Qg5 33. Qe7 N8h7 34. Rd1 Nxh5 35. Qxe6+ Kh8 36. Rxh5 Qf4 0-1

[Event "Wch Rapid"]
[Site "Warsaw"]
[Date "2021.12.27"]
[Round "8"]
[White "Gabuzyan, Hovhannes"]
[Black "Blohberger, Felix"]
[Result "1-0"]
[WhiteElo "2589"]
[BlackElo "2503"]
[PlyCount "79"]
[EventDate "2021.12.26"]
[EventType "swiss (rapid)"]
[EventRounds "13"]
[EventCountry "POL"]
[SourceTitle "CBM 205 Extra"]
[Source "ChessBase"]
[SourceDate "2022.01.31"]
[SourceVersion "1"]
[SourceVersionDate "2022.01.31"]
[SourceQuality "1"]

1. f4 b6 2. e4 Bb7 3. Nc3 Nf6 4. e5 Ne4 5. Nf3 e6 6. Bd3 d5 7. Bxe4 dxe4 8. Ng5 e3 9. Qh5 Qe7 10. dxe3 Bxg2 11. Rg1 g6 12. Qe2 Bb7 13. b3 Nc6 14. Bb2 0-0-0 15. Rd1 Rxd1+ 16. Kxd1 h6 17. Nge4 Bg7 18. Kc1 Rd8 19. a3 Qh4 20. Kb1 Nxe5 21. fxe5 Bxe4 22. Rg4 Bxc2+ 23. Kxc2 Qh5 24. Ra4 Qxe2+ 25. Nxe2 Rd5 26. Nf4 Rc5+ 27. Rc4 Rxc4+ 28. bxc4 Kd7 29. a4 Kc6 30. Kd3 Bf8 31. Ne2 a6 32. h3 Be7 33. Bc1 Bf8 34. Nd4+ Kd7 35. e4 Bg7 36. c5 Bxe5 37. c6+ Ke7 38. Bxh6 Bxd4 39. Kxd4 Kd6 40. Bf8+ 1-0

[Event "Wch Rapid"]
[Site "Warsaw"]
[Date "2021.12.27"]
[Round "6"]
[White "Gabuzyan, Hovhannes"]
[Black "Wieczorek, Oskar"]
[Result "1-0"]
[WhiteElo "2589"]
[BlackElo "2500"]
[PlyCount "65"]
[EventDate "2021.12.26"]
[EventType "swiss (rapid)"]
[EventRounds "13"]
[EventCountry "POL"]
[SourceTitle "CBM 205 Extra"]
[Source "ChessBase"]
[SourceDate "2022.01.31"]
[SourceVersion "1"]
[SourceVersionDate "2022.01.31"]
[SourceQuality "1"]

1. c4 g6 2. Nc3 Bg7 3. g3 e5 4. Bg2 d6 5. d3 f5 6. e3 Nf6 7. Nge2 0-0 8. 0-0 a5 9. b3 c6 10. e4 Na6 11. h3 f4 12. gxf4 Nh5 13. f5 gxf5 14. Ng3 Nf4 15. exf5 Nc5 16. d4 Nxg2 17. dxc5 Nf4 18. Kh2 Bxf5 19. Nxf5 Rxf5 20. Qg4 Rg5 21. Qf3 d5 22. cxd5 cxd5 23. Bxf4 exf4 24. Rg1 h6 25. Rad1 Bxc3 26. Qxc3 Kh7 27. Qd3+ Kh8 28. Qd4+ Kh7 29. Rxg5 hxg5 30. Qe5 Qg8 31. Rxd5 Re8 32. Qf5+ Kh8 33. Rd7 1-0

[Event "EU-ch 21st"]
[Site "Reykjavik"]
[Date "2021.09.04"]
[Round "10"]
[White "Vocaturo, Daniele"]
[Black "Gabuzyan, Hovhannes"]
[Result "1-0"]
[WhiteElo "2630"]
[BlackElo "2587"]
[PlyCount "125"]
[EventDate "2021.08.26"]
[EventType "swiss"]
[EventRounds "11"]
[EventCountry "ISL"]
[SourceTitle "CBM 204"]
[Source "ChessBase"]
[SourceDate "2021.10.31"]
[SourceVersion "1"]
[SourceVersionDate "2021.10.31"]
[SourceQuality "1"]

1. e4 c5 2. Nf3 d6 3. Bb5+ Bd7 4. Bxd7+ Qxd7 5. 0-0 Nc6 6. c3 Nf6 7. Qe2 e6 8. d4 d5 9. e5 Ne4 10. Nbd2 Nxd2 11. Bxd2 Be7 12. g3 Rc8 13. Kg2 0-0 14. h4 h6 15. Rad1 cxd4 16. cxd4 f5 17. exf6 Rxf6 18. Bf4 Bd6 19. Bxd6 Qxd6 20. Ne5 Rff8 21. Ng6 Rf6 22. h5 Ne7 23. Ne5 Rff8 24. Rfe1 Rc7 25. Rd2 Nf5 26. Nf3 Rc6 27. Qd3 Qd8 28. Ne5 Rc8 29. Ng6 Re8 30. Nf4 Qb6 31. Re5 Kh8 32. Nxe6 Nh4+ 33. gxh4 Rxe6 34. Qf5 Ree8 35. Rc2 Rcd8 36. Rxe8+ Rxe8 37. Rc8 Rxc8 38. Qxc8+ Kh7 39. Qf5+ Kh8 40. Qf8+ Kh7 41. Qf5+ Kh8 42. Qxd5 Qxb2 43. Qc4 Qb6 44. Qc8+ Kh7 45. Qf5+ Kg8 46. d5 Qf6 47. Qe6+ Qf7 48. f4 Kf8 49. Qe5 Qe7 50. Kg3 Qa3+ 51. Kg4 Qxa2 52. Qb8+ Kf7 53. Qxb7+ Kf8 54. Qc8+ Kf7 55. Qf5+ Kg8 56. Qe4 Kf7 57. Kf5 Kf8 58. Kg6 Qa6+ 59. Kh7 Qc8 60. d6 Qd7 61. Qa8+ Kf7 62. Qd5+ Qe6 63. Qxe6+ 1-0

[Event "EU-ch 21st"]
[Site "Reykjavik"]
[Date "2021.09.03"]
[Round "9"]
[White "Gabuzyan, Hovhannes"]
[Black "Navara, David"]
[Result "1/2-1/2"]
[WhiteElo "2587"]
[BlackElo "2675"]
[PlyCount "77"]
[EventDate "2021.08.26"]
[EventType "swiss"]
[EventRounds "11"]
[EventCountry "ISL"]
[SourceTitle "CBM 204"]
[Source "ChessBase"]
[SourceDate "2021.10.31"]
[SourceVersion "1"]
[SourceVersionDate "2021.10.31"]
[SourceQuality "1"]

1. e4 e5 2. Nf3 Nc6 3. d4 exd4 4. Nxd4 Nf6 5. Nxc6 bxc6 6. Bd3 d5 7. Nc3 Bb4 8. Bd2 0-0 9. 0-0 Bxc3 10. Bxc3 dxe4 11. Bc4 Bf5 12. Re1 a5 13. Qd4 Qxd4 14. Bxd4 Nd5 15. a3 Rfd8 16. Rad1 Rd7 17. Bc5 h5 18. h3 Rad8 19. Bb3 g5 20. Ba4 Nb6 21. Rxd7 Bxd7 22. Rxe4 Bf5 23. Re5 Rd5 24. Rxd5 cxd5 25. Bb3 a4 26. Bxb6 axb3 27. Be3 g4 28. hxg4 hxg4 29. cxb3 Kf8 30. Kh2 Be4 31. Kg3 f5 32. a4 Ke7 33. b4 c6 34. a5 Bd3 35. Kf4 Kd7 36. b5 cxb5 37. b4 Kc7 38. a6 Kb8 39. g3 1/2-1/2

[Event "EU-ch 21st"]
[Site "Reykjavik"]
[Date "2021.08.29"]
[Round "4"]
[White "Gabuzyan, Hovhannes"]
[Black "Piorun, Kacper"]
[Result "1/2-1/2"]
[WhiteElo "2587"]
[BlackElo "2608"]
[PlyCount "186"]
[EventDate "2021.08.26"]
[EventType "swiss"]
[EventRounds "11"]
[EventCountry "ISL"]
[SourceTitle "CBM 204"]
[Source "ChessBase"]
[SourceDate "2021.10.31"]
[SourceVersion "1"]
[SourceVersionDate "2021.10.31"]
[SourceQuality "1"]

1. e4 e5 2. Nf3 Nc6 3. d4 exd4 4. Nxd4 Nf6 5. Nxc6 bxc6 6. Bd3 d5 7. Nc3 Bb4 8. Bd2 0-0 9. 0-0 Rb8 10. a3 Bxc3 11. Bxc3 Nxe4 12. Bxe4 dxe4 13. Re1 Bf5 14. Qc1 Rb5 15. Qe3 a6 16. Qg3 f6 17. Bb4 Rf7 18. c4 Re5 19. Rad1 Rd7 20. Rxd7 Qxd7 21. Bc3 Re6 22. h3 Rd6 23. Kh2 Kf7 24. Ba5 Rd3 25. Re3 h5 26. b4 Rd1 27. Qxc7 Qxc7+ 28. Bxc7 Rc1 29. c5 h4 30. Re2 Ra1 31. Rd2 Rxa3 32. Bf4 Be6 33. Rd6 Bd5 34. Rd7+ Kg8 35. Ra7 Rb3 36. Rxa6 Rxb4 37. Be3 Rb7 38. Ra8+ Kh7 39. Rf8 Re7 40. Bd4 Be6 41. Be3 Bd7 42. Bd4 Be8 43. Kg1 Re6 44. Kh2 Re7 45. Kg1 Bf7 46. Rd8 Rb7 47. Kh2 Bc4 48. Rc8 Rd7 49. Be3 Bd5 50. Rf8 Ra7 51. Bd4 Ra2 52. Be3 Ra1 53. Bd4 Re1 54. Be3 Rd1 55. Rd8 g5 56. g3 hxg3+ 57. Kxg3 Kg6 58. h4 gxh4+ 59. Kxh4 Kf5 60. Kg3 Rg1+ 61. Kh2 Rg6 62. Rh8 Ke5 63. Rh5+ f5 64. Rh4 Rg8 65. Bf4+ Kd4 66. Be3+ Kc4 67. Rh6 f4 68. Bxf4 Kxc5 69. Rh5 Kc4 70. Rg5 Rh8+ 71. Kg3 Rf8 72. Be3 Rf3+ 73. Kg2 Rf7 74. Rg3 c5 75. Rg8 Kb4 76. Rd8 Bb7 77. Kf1 c4 78. Ke1 Kb3 79. Rd6 Kc2 80. Rd2+ Kb3 81. Rd6 Rh7 82. Kd2 c3+ 83. Kc1 Rh1+ 84. Rd1 Rh7 85. Rd6 Rc7 86. Rb6+ Kc4 87. Kc2 Bc6 88. Ra6 Kb4 89. Bf4 Rf7 90. Bd6+ Kb5 91. Ra3 Rxf2+ 92. Kxc3 Rf3+ 93. Kd4 Rd3+ 1/2-1/2